Entidades publicas descentralizadas del Istmo Centroamericano (Registro nro. 7384)

Detalles MARC
000 -CABECERA
campo de control de longitud fija 00608nam a2200217Ia 4500
001 - NÚMERO DE CONTROL
campo de control 7384
003 - IDENTIFICADOR DEL NÚMERO DE CONTROL
campo de control 15012
005 - FECHA Y HORA DE LA ÚLTIMA TRANSACCIÓN
campo de control 20250303095601.0
008 - DATOS DE LONGITUD FIJA--INFORMACIÓN GENERAL
campo de control de longitud fija ||||||n9999 ||| || ||
041 ## - CÓDIGO DE LENGUA
Código de lengua del texto/banda sonora o título independiente spa
082 ## - NÚMERO DE LA CLASIFICACIÓN DECIMAL DEWEY
Número de edición 20
Número de clasificación 352
110 ## - ENTRADA PRINCIPAL--NOMBRE DE ENTIDAD CORPORATIVA
Nombre de entidad corporativa o nombre de jurisdicción como elemento de entrada Instituto Centroamericano de Administracion Publica
9 (RLIN) 1502
245 #0 - MENCIÓN DE TÍTULO
Título Entidades publicas descentralizadas del Istmo Centroamericano
260 ## - PUBLICACIÓN, DISTRIBUCIÓN, ETC.
Lugar de publicación, distribución, etc. Costa Rica :
Nombre del editor, distribuidor, etc. Instituto Centroamericano de Administracion Publica,
Fecha de publicación, distribución, etc. 1979.
300 ## - DESCRIPCIÓN FÍSICA
Extensión 198p
562 ## - NOTA DE IDENTIFICACIÓN DE LA COPIA Y VERSIÓN
Número de copias 3
526 ## - NOTA DE INFORMACIÓN SOBRE EL PROGRAMA DE ESTUDIO
Nombre del programa 51868 - ADMINISTRACIÓN PÚBLICA - Presencial
526 ## - NOTA DE INFORMACIÓN SOBRE EL PROGRAMA DE ESTUDIO
Nombre del programa 1697 - ADMINISTRACIÓN PÚBLICA TERRITORIAL - A distancia
650 #0 - PUNTO DE ACCESO ADICIONAL DE MATERIA--TÉRMINO DE MATERIA
Término de materia o nombre geográfico como elemento de entrada ENTIDADES DESCENTRALIZADAS
9 (RLIN) 12650
942 ## - ELEMENTOS DE PUNTO DE ACCESO ADICIONAL (KOHA)
Tipo de ítem Koha Libro
Existencias
Estado de retiro Estado de pérdida Estado dañado No para préstamo Código de colección Localización permanente Ubicación/localización actual Fecha de adquisición Coste, precio normal de compra Signatura topográfica completa Código de barras Número de copia Tipo de ítem Koha Total de préstamos Fecha visto por última vez
        General Bogotá - Sede Central Bogotá - Sede Central 01/02/2024 150.00 352.972 I59c e2 30070 1 Libro    
        General Bogotá - Sede Central Bogotá - Sede Central 24/09/2021 60.00 352.972 I59e e3 30521 2 Libro   22/02/2026
        General Bogotá - Sede Central Bogotá - Sede Central 01/02/2024 120.00 352.972 I59e e1 25816 3 Libro